[Event "Emanuel Lasker Open 2017"]
[Site "Gorzow"]
[Date "2017.06.13"]
[Round "2"]
[White "Przysiecki, Kajetan"]
[Black "Bartnicki, Pawel"]
[Result "0-1"]
[WhiteElo "1876"]
[BlackElo "2078"]
[Annotator "NA RC"]
[PlyCount "84"]
[EventDate "2017.??.??"]
[EventType "swiss"]
[EventCountry "POL"]
[SourceTitle "playchess.com"]
[Source "ChessBase"]
[SourceQuality "1"]
[TimeControl "40/5400+30:1800+30"]

1. d4 {[%emt 0:00:00]} Nf6 {[%emt 0:00:06]} 2. c4 {[%emt 0:00:00]} g6 {[%emt 0:00:06]} 3. Nc3 {[%emt 0:00:00]} Bg7 {[%emt 0:00:06]} 4. e4 {[%emt 0:00:04]} d6 {[%emt 0:00:05]} 5. Nf3 {[%emt 0:00:10]} O-O {[%emt 0:00:09]} 6. Be2 {[%emt 0:00:07]} Nc6 {[%emt 0:00:26]} 7. d5 {[%emt 0:00:30]} Nb8 {[%emt 0:00:36]} 8. O-O {[%emt 0:00:14]} c5 {[%emt 0:00:13]} 9. h3 {[%emt 0:01:18]} Na6 {[%emt 0:01:58] E91: King's Indian: Classical: 6 Be2, unusual replies including 6...c5 and 6...Bg4} 10. Be3 {[%emt 0:00:53]} (10. Bf4 Bd7 11. e5 dxe5 12. Nxe5 Bf5 13. Bf3 Ne8 14. g4 Bc8 15. Re1 Nd6 16. b3 Qa5 17. Bd2 {1-0 (41) Cosma,I (2401)-Petrescu,G (2087) Mamaia 2015}) 10... Nc7 {[%emt 0:00:35]} 11. a4 {[%emt 0:01:04]} a6 {[%emt 0:00:25]} 12. Qd2 {[%emt 0:01:38]} Rb8 $146 {[%emt 0:01:00]} ({Predecessor:} 12... b6 13. Bh6 Rb8 14. Bxg7 Kxg7 15. Nh2 Bd7 16. f4 b5 17. e5 {½-½ (42) Grobovsek,I (2000)-Matko,M (2200) Ptuj 2005}) 13. a5 {[%emt 0:02:40]} b5 {[%emt 0:02:29]} 14. axb6 {[%emt 0:00:07]} Rxb6 {[%emt 0:00:05]} 15. e5 {[%emt 0:03:56]} Nd7 {[%emt 0:03:53]} 16. exd6 {[%emt 0:01:32]} exd6 {[%emt 0:00:12]} 17. Na4 {[%emt 0:05:47]} Rb4 {[%emt 0:04:09]} 18. Bf4 {[%emt 0:03:20]} Nb6 {[%emt 0:01:46]} 19. Nxb6 {[%emt 0:15:11]} Rxb6 {[%emt 0:00:30]} 20. Ra2 {[%emt 0:00:30]} Bf5 {[%emt 0:00:30]} 21. g4 {[%emt 0:00:30]} Bc8 {[%emt 0:00:30]} 22. Rb1 {[%emt 0:00:30]} h5 {[%emt 0:00:30]} 23. gxh5 {[%emt 0:00:30]} Bxh3 {[%emt 0:00:30]} 24. Ng5 {[%emt 0:00:30]} Bf5 {[%emt 0:00:30]} 25. Bd3 {[%emt 0:00:30]} Bxd3 {[%emt 0:00:30]} 26. Qxd3 {[%emt 0:00:30]} Qf6 {[%emt 0:00:30] [#]} 27. Be3 {[%emt 0:00:30]} (27. Bd2 $1 $16) 27... Rfb8 {[%emt 0:00:30]} 28. hxg6 {[%emt 0:00:30]} fxg6 {[%emt 0:00:30]} 29. Bc1 {[%emt 0:00:30]} Rb3 {[%emt 0:00:30]} 30. Qc2 {[%emt 0:00:30]} R3b6 {[%emt 0:00:30]} 31. Qd3 {[%emt 0:00:30]} Rb3 {[%emt 0:00:30]} 32. Qc2 {[%emt 0:00:30]} R3b6 {[%emt 0:00:30]} 33. Qd3 {[%emt 0:00:30]} Qf5 {[%emt 0:00:30]} 34. Qxf5 {[%emt 0:00:30]} gxf5 {[%emt 0:00:30]} 35. Nf3 {[%emt 0:00:30]} Re8 {[%emt 0:00:30]} 36. b3 {[%emt 0:00:30]} Re4 {[%emt 0:00:30]} 37. Rc2 {[%emt 0:00:30]} Ne8 {[%emt 0:00:30]} 38. Kf1 {[%emt 0:00:30]} Nf6 {[%emt 0:00:30]} 39. Ng5 {[%emt 0:00:30]} Rh4 {[%emt 0:00:30]} 40. Ne6 {[%emt 0:00:30]} Bh6 {[%emt 0:30:30]} 41. f4 {[%emt 0:30:30]} Ne4 {[%emt 0:00:30]} 42. Rg2+ {[%emt 0:00:30]} Kh7 $17 {[%emt 0:00:30]} 0-1